00614nam a2200205 a 4500001001300000003000900013005001700022008004100039020002300080082001900103100002000122245008100142260005100223300000900274500003500283505001000318650003300328650002700361700002000388nice12345678IN_TiNIC20260116013130.0050524s1991 pena grp 000 0 eng  a0812261 c28800a398.20961bWEB aWebber, Sabra J aRomancing the Realb Folklore and Ethnographic Representation in North Afric aPennsylvaniabUniversity of Pennsylvaniac1991 a293p aincludes index and biblioraphy2 aIndex aFolk Literature-North Africa aSociology and Folklore1 aWebber, Sabra J